| 000 | 00732cam a2200241 a 4500 | ||
|---|---|---|---|
| 001 | 000017370 | ||
| 005 | 20200929165107.0 | ||
| 008 | 780511s1962 sp 000 f spa d | ||
| 040 |
_aDO-SdBNP _bspa _cAzFU _dDLC _dBNPHU |
||
| 082 |
_a863.64 _bA357co, 1962 |
||
| 100 | 1 |
_aAldecoa, Ignacio, _d1925-1969 _921964 |
|
| 245 | 1 | 0 |
_aCon el viento solano : _bnovela / _cIgnacio Aldecoa. |
| 250 | _a2a ed. | ||
| 260 |
_aBarcelona : _bPlaneta, _c1962. |
||
| 300 |
_a281 p. ; _c20 cm. |
||
| 490 | 1 | _aAutores españoles contemporáneos | |
| 650 | 4 |
_aNovela española _91123 |
|
| 650 | 4 |
_aLiteratura española _9632 |
|
| 830 | 0 |
_aAutores españoles contemporáneos _94154 |
|
| 910 | _aCatalogación derivada | ||
| 910 | _aWM | ||
| 049 | _aBNGR | ||
| 999 |
_c16895 _d16895 |
||